000
00202 a2200097 4500
001
9668
100
_a
Felisc, M
245
_a
The ABC of Relativity
260
_a
_b
George Allon
_c
090
_c
7700
_d
7700
942
_a
NUST-CAE
_c
M
_c
34379
999
_c
244741
_d
244741